| 000 | 00724nam a2200277Ia 4500 | ||
|---|---|---|---|
| 005 | 20260324113835.0 | ||
| 008 | 008 260324s9999 xx 000 0 eng d | ||
| 020 | _a9781003431176 | ||
| 037 | _aEBOOK | ||
| 040 | _aCRL | ||
| 040 | _beng | ||
| 040 | _cCRL | ||
| 041 | _2eng | ||
| 041 | _aeng | ||
| 084 | _qCRL | ||
| 100 |
_aTania Banerjee; Xiaohui Huang; Aotian Wu; Ke Chen; Anand Rangarajan; Sanjay Ranka _91148389 |
||
| 245 | 0 | _aVideo Based Machine Learning for Traffic Intersections | |
| 260 | _bTaylor and Francis | ||
| 260 | _c2023 | ||
| 365 | _a | ||
| 365 | _b225 | ||
| 856 | _uhttp://www.taylorfrancis.com/books/9781003431176 | ||
| 942 | _cEBOOK | ||
| 999 |
_c1738244 _d1738244 |
||